| 000 | 00743nam a2200205 4500 | ||
|---|---|---|---|
| 005 | 20210708130133.0 | ||
| 008 | 210708b sp ||||| |||| 00| 0 spa d | ||
| 020 | _a9788481646344 | ||
| 050 | 0 | 4 |
_aD157 _bF56 2003 |
| 100 | 1 | _aFlori, Jean. | |
| 245 | 1 | 3 |
_aLa guerra santa : _bla formación de la idea de cruzada en el occidente cristiano |
| 250 | _a1a ed. | ||
| 260 |
_aGranada, España : _bUniversidad de Granada : Editorial Trotta, _c2003. |
||
| 300 |
_a402 p. ; _c23 cm. |
||
| 440 | _aEstructuras y procesos. Serie Religión | ||
| 650 | 7 |
_2lemb _aGuerra _xAspecto religioso _ySiglo X-XI |
|
| 650 | 7 |
_2lemb _aGuerra _xAspecto religioso _xCristianismo |
|
| 700 |
_aPeinado Santaella, Rafael Gerardo, _etrad. |
||
| 942 |
_2lcc _cLIB |
||
| 999 |
_c156912 _d156910 |
||